Latvia : EIU country profile 2005.
| Format: | Book |
|---|---|
| Published: |
London:
The Economist Intelligence Unit,
2005.
|
| Subjects: |
| LEADER | 00459cam a2200145 7i4500 | ||
|---|---|---|---|
| 001 | 0000015641 | ||
| 005 | 20211215090000.0 | ||
| 090 | 0 | 0 | |a LATV 330.9 |b LAT |
| 245 | 0 | 0 | |a Latvia : |b EIU country profile 2005. |
| 260 | 0 | 0 | |a London: |b The Economist Intelligence Unit, |c 2005. |
| 300 | # | # | |a 54 p. |
| 650 | 0 | 0 | |a Latvia -- |x Country profile |
| 651 | 0 | 0 | |a Latvia |
| 999 | |a SBH000208B |b Book |c Countries |e MATRADE Sabah | ||
| 999 | |a PNG000214B |b Book |c Countries |e MATRADE Northern Regional Office | ||